| 000 | 00449nam a2200145 a 4500 | ||
|---|---|---|---|
| 001 | 000023893 | ||
| 005 | 20200930022541.0 | ||
| 008 | 110117s1990 dr 000 0 spa d | ||
| 040 |
_aDO-SdBNP _bspa _cBNPHU |
||
| 082 |
_axxx _bC737p |
||
| 245 | 0 | 0 | _aCompendio de ponencias del curso de actualización de : diarrea aguda y rehidratación oral. |
| 260 |
_aSanto Domingo : _bEdiciones AMD-Distrito, _c1990. |
||
| 300 |
_a60 p. ; _c21 cm. |
||
| 049 | _aBNPD | ||
| 999 |
_c23389 _d23389 |
||